Analýza inflačného procesu v SR
Analýzu niektorých súvislosti, ktoré v zásadnej miere vplývajú na konvergenčný proces Slovenska k EMÚ. Analýza inflačného procesu v SR. Jadrová a čistá inflácia a inflácia meraná harmonizovaným indexom spotrebiteľských cien.
Salvato in:
| Autore principale: | |
|---|---|
| Natura: | Capitolo di libro |
| Lingua: | slovacco |
| Soggetti: | |
| Tags: |
Nessun Tag, puoi essere il primo ad aggiungerne!!
|
MARC
| LEADER | 00000nla$a2200000$$$4500 | ||
|---|---|---|---|
| 001 | 0088169 | ||
| 005 | 20240502072004.7 | ||
| 041 | 0 | |a slo | |
| 044 | |a SK | ||
| 245 | 1 | 0 | |a Analýza inflačného procesu v SR |c Marián Goga |
| 520 | |a Analýzu niektorých súvislosti, ktoré v zásadnej miere vplývajú na konvergenčný proces Slovenska k EMÚ. Analýza inflačného procesu v SR. Jadrová a čistá inflácia a inflácia meraná harmonizovaným indexom spotrebiteľských cien. | ||
| 610 | 2 | 0 | |a oblasti menové |
| 610 | 2 | 0 | |a inflácia čistá |
| 610 | 2 | 0 | |a inflácia jadrová |
| 610 | 2 | 0 | |a analýzy |
| 610 | 2 | 0 | |a rast hospodársky |
| 610 | 2 | 0 | |a Slovensko |
| 610 | 2 | 0 | |a politika fiškálna |
| 610 | 2 | 0 | |a Európska menová únia |
| 100 | 1 | |a Goga, Marián | |